[Event "Steinfurt Bezirksklasse 1314"]
[Site "Germany"]
[Date "2013.12.07"]
[Round "3.6"]
[White "Frerichs, Mirco"]
[Black "Altenaehr, Johannes"]
[Result "1-0"]
[WhiteElo "1399"]
[BlackElo "1390"]
[PlyCount "92"]
[EventDate "2013.10.05"]
[EventType "team-tourn"]
[EventRounds "9"]
[EventCountry "GER"]
[SourceTitle "EXT 2015"]
[Source "ChessBase"]
[SourceDate "2014.11.20"]
[SourceVersion "1"]
[SourceVersionDate "2014.11.20"]
[SourceQuality "1"]
[WhiteTeam "Westerkappeln"]
[BlackTeam "Rheine CC"]
[WhiteTeamCountry "GER"]
[BlackTeamCountry "GER"]

1. d4 e5 2. c3 exd4 3. cxd4 d5 4. Nc3 Bb4 5. Bd2 Nf6 6. Nf3 0-0 7. g3 Nc6 8. Bg2 Bg4 9. 0-0 Bxf3 10. Bxf3 Nxd4 11. Nxd5 Nxf3+ 12. exf3 Bxd2 13. Nxf6+ Qxf6 14. Qxd2 Qxf3 15. Rad1 Qf6 16. Qb4 Qb6 17. Qc3 Rad8 18. Rd2 Rxd2 19. Qxd2 Qd6 20. Qc2 Rd8 21. Re1 c6 22. Qb3 Qc7 23. Qa3 a6 24. Re7 Qc8 25. Qb3 Qf5 26. Rxb7 Qb1+ 27. Kg2 Qe4+ 28. Qf3 Qc4 29. b3 Qd5 30. Rc7 h6 31. Rxc6 a5 32. Ra6 Qxf3+ 33. Kxf3 Rd5 34. h3 Re5 35. a4 h5 36. Rb6 Rc5 37. Rb8+ Kh7 38. Rb5 Rc3+ 39. Ke2 g6 40. Rxa5 Rxb3 41. Ra7 Kg7 42. a5 Ra3 43. a6 Kf6 44. Ra8 Kf5 45. a7 f6 46. f3 g5 1-0

[Event "Steinfurt Bezirksklasse 1112"]
[Site "Germany"]
[Date "2011.12.17"]
[Round "4.5"]
[White "Krampe, Jennifer"]
[Black "Frerichs, Mirco"]
[Result "0-1"]
[WhiteElo "1409"]
[BlackElo "1215"]
[PlyCount "76"]
[EventDate "2011.09.24"]
[EventType "team-tourn"]
[EventRounds "9"]
[EventCountry "GER"]
[SourceTitle "EXT 2013"]
[Source "ChessBase"]
[SourceDate "2012.11.22"]
[SourceVersion "1"]
[SourceVersionDate "2012.11.22"]
[SourceQuality "1"]
[WhiteTeam "Emsdetten Turm IV"]
[BlackTeam "Westerkappeln II"]
[WhiteTeamCountry "GER"]
[BlackTeamCountry "GER"]

1. e4 c5 2. Nf3 e6 3. d4 d5 4. exd5 exd5 5. Qe2+ Qe7 6. dxc5 Qxe2+ 7. Bxe2 Bxc5 8. b3 Ne7 9. Bb2 0-0 10. 0-0 Nbc6 11. Nc3 Be6 12. Rad1 Rad8 13. a3 a6 14. h3 h6 15. Na4 Ba7 16. Ne5 d4 17. Nxc6 Nxc6 18. Ba1 b5 19. Nb2 Rfe8 20. Rfe1 Bc8 21. a4 Nb4 22. Rd2 Bd7 23. a5 Bf5 24. Nd3 Nxd3 25. cxd3 Bc5 26. Rdd1 Bb4 27. Bg4 Bxe1 28. Bxf5 Bxa5 29. Rc1 g6 30. Be4 Kh7 31. Kh2 f5 32. Bb7 Rd6 33. Bb2 Rb8 34. Bc8 Ra8 35. Rc2 Ra7 36. Bc1 Rc7 37. Bf4 Rxc2 38. Bxd6 Rxc8 0-1

[Event "Steinfurt Bezirksklasse 1112"]
[Site "Germany"]
[Date "2011.10.15"]
[Round "2.6"]
[White "Dulle, David Leon"]
[Black "Frerichs, Mirco"]
[Result "1/2-1/2"]
[WhiteElo "1044"]
[BlackElo "1215"]
[PlyCount "132"]
[EventDate "2011.09.24"]
[EventType "team-tourn"]
[EventRounds "9"]
[EventCountry "GER"]
[SourceTitle "EXT 2013"]
[Source "ChessBase"]
[SourceDate "2012.11.22"]
[SourceVersion "1"]
[SourceVersionDate "2012.11.22"]
[SourceQuality "1"]
[WhiteTeam "Neuenkirchen III"]
[BlackTeam "Westerkappeln II"]
[WhiteTeamCountry "GER"]
[BlackTeamCountry "GER"]

1. e4 c5 2. Bc4 Nc6 3. Nc3 e6 4. Nf3 Bd6 5. d3 h6 6. Nb5 Bb8 7. Be3 a6 8. Nc3 b5 9. Bb3 Bd6 10. a3 Nf6 11. d4 cxd4 12. Nxd4 Nxd4 13. Bxd4 e5 14. Be3 Bb7 15. Qxd6 Qb8 16. Qxb8+ Rxb8 17. Nd5 Nxe4 18. f3 Bxd5 19. Bxd5 Nf6 20. Bb3 0-0 21. Bc5 Rfe8 22. Kf2 Rbc8 23. Bb4 d5 24. c3 e4 25. Rhe1 Rc6 26. Rad1 Re5 27. Rd4 Rce6 28. f4 Rf5 29. Ke3 Ng4+ 30. Kd2 Rxf4 31. Rxd5 e3+ 32. Kc1 Kh7 33. h3 Nf6 34. Rd3 e2 35. Bxe6 Rf1 36. Kd2 fxe6 37. Kxe2 Rf5 38. Kd2 Nd5 39. Rf3 Rg5 40. g4 e5 41. Rf5 Rxf5 42. gxf5 Nb6 43. Rxe5 Nc4+ 44. Kd3 Nxe5+ 45. Kd4 Nf3+ 46. Kc5 h5 47. Kb6 Ng5 48. h4 Nf3 49. Be7 Kg8 50. Kxa6 Kf7 51. Bd6 Nxh4 52. Kxb5 Nxf5 53. Bh2 g5 54. Kc4 g4 55. Kd3 g3 56. Bg1 h4 57. Ke2 h3 58. Kf3 Kf6 59. b4 Kg5 60. b5 Kh4 61. b6 h2 62. Bxh2 gxh2 63. Kg2 Nd6 64. c4 Nb7 65. Kxh2 Kg4 66. a4 Kf4 1/2-1/2

[Event "Steinfurt Bezirksklasse 1011"]
[Site "Germany"]
[Date "2011.02.05"]
[Round "6.8"]
[White "Borgmann, Simon"]
[Black "Frerichs, Mirco"]
[Result "0-1"]
[WhiteElo "841"]
[BlackElo "1057"]
[PlyCount "50"]
[EventDate "2010.09.25"]
[EventType "team-tourn"]
[EventRounds "9"]
[EventCountry "GER"]
[SourceTitle "EXT 2012"]
[Source "ChessBase"]
[SourceDate "2011.11.24"]
[SourceVersion "1"]
[SourceVersionDate "2011.11.24"]
[SourceQuality "1"]
[WhiteTeam "Emsdetten Turm IV"]
[BlackTeam "Westerkappeln II"]
[WhiteTeamCountry "GER"]
[BlackTeamCountry "GER"]

1. e4 e5 2. Nf3 Nc6 3. Nc3 Nf6 4. Bc4 Nxe4 5. Nxe4 d5 6. Bd3 dxe4 7. Bxe4 Bd6 8. d3 0-0 9. 0-0 Qe8 10. b3 b6 11. Ng5 g6 12. Qd2 Kh8 13. Nf3 Be6 14. Qh6 f5 15. Ng5 Bg8 16. Bd5 Qd7 17. Bxg8 Kxg8 18. Bb2 Rfe8 19. Rae1 Bf8 20. Qh3 h6 21. Re4 hxg5 22. Re2 g4 23. Qh4 Qg7 24. Rfe1 Be7 25. Qg3 Bd6 0-1